00414nam a2200097Ia 45000010005000000080041000050820024000461000087000702450128001572600031002852126241024s9999 xx 000 0 und d aRD/379.2/R426p/2000 aRepública Dominicana.Secretaría de Estado de Educación Bellas Artes y Cultos 0aPlan decenal de Educación en acción transformación curricular en marcha. Nivel Medio, Modalidad Técnico Profesional bEditora Alfa y Omegac2000